Infrared Antennas and Resonant Structures

Bibliografske podrobnosti
Glavni avtor: Alda, Javier
Format: Elektronski Knjiga
Jezik:English
Izdano: SPIE Digital Library, 1/1/17
Teme:
Online dostop:Full text available on Research4Life (SPIE Digital Library)
Classic Catalogue: View this record in Classic Catalogue
LEADER 00857cam a2200193 a 4500
001 AALConferenceProceedingsResearch4Life(SPIE)004721
008 240908c9999 xx r poo 0 0eng d
020 |a 9781510613584 
020 |a 9781510613591 
040 |a BD-DhAAL  |c BD-DhAAL 
100 0 |a Alda, Javier 
245 0 0 |h [electronic resource]  |a Infrared Antennas and Resonant Structures 
260 1 |b SPIE Digital Library,  |c 1/1/17 
300 |a 1 online resource 
500 |a <strong>On-Campus Access Only (IP based access)</strong> 
506 |a Electronic access restricted to authorized BRAC University faculty, staff and students 
538 |a Mode of access: Internet 
655 7 |a Conference papers and proceedings.  |2 Library of Congress 
856 4 0 |z Full text available on Research4Life (SPIE Digital Library)  |u https://login.research4life.org/tacsgr1doi_org/10.1117/3.2282288